|
|
|
|
| LEADER |
00000nam a2200000 a 4500 |
| 001 |
vtls001562553 |
| 003 |
SK-MaSNL |
| 005 |
20260331204024.0 |
| 008 |
251120s2005 xo da j f000 0 slo |
| 013 |
|
|
|a 284 485
|b xxu
|c patentový spis
|d 20050401
|e dátum nadobudnutia účinkov patentu (Vestník ÚPV SR č.: 4/2005 )
|d 20050330
|e dátum sprístupnenia patentu verejnosti
|
| 013 |
|
|
|a 1647-97
|e číslo prihlášky
|d 19960607
|e dátum podania prihlášky
|d 19980805
|e dátum zverejnenia prihlášky (Vestník ÚPV SR č.: 08/1998 )
|
| 013 |
|
|
|a 08/479 280
|e číslo prioritnej prihlášky
|d 19950607
|e dátum podania prioritnej prihlášky
|
| 013 |
|
|
|a PCT/US96/09763
|e číslo podania medzinárodnej prihlášky podľa PCT
|
| 013 |
|
|
|a WO96/39842
|e číslo zverejnenia medzinárodnej prihlášky podľa PCT
|
| 015 |
|
|
|a SNBN2014
|
| 040 |
|
|
|a SNK
|b slo
|c SNK
|e AACR2
|
| 041 |
0 |
|
|a slo
|
| 044 |
|
|
|a xo
|c SK
|
| 072 |
|
7 |
|a 614
|x Verejné zdravie a hygiena
|2 konspekt
|
| 072 |
|
7 |
|a 615
|x Farmácia. Farmakológia
|2 konspekt
|
| 080 |
|
|
|a 614.9
|2 2001
|
| 080 |
|
|
|a 615.28
|2 2001
|
| 080 |
|
|
|a 614.48
|2 2001
|
| 084 |
|
|
|a A01N 63/02
|2 IPC
|
| 084 |
|
|
|a A01N 37/46
|2 IPC
|
| 084 |
|
|
|a //(A01N 63/02
|2 IPC
|
| 084 |
|
|
|a A01N 25:34
|2 IPC
|
| 084 |
|
|
|a A01N 25:30
|2 IPC
|
| 084 |
|
|
|a A01N 25:22)
|2 IPC
|
| 084 |
|
|
|a A01N 59:08
|2 IPC
|
| 100 |
1 |
|
|a Blackburn, Peter
|4 org
|9 301473
|
| 245 |
1 |
0 |
|a Zvlhčené dezinfekčné utierky obsahujúce bakteriocín a ich použitie
|c Peter Blackburn, Jon De La Harpe ; patent. zást. Eva Bušová
|
| 260 |
|
|
|a [Banská Bystrica]
|b Úrad priemyselného vlastníctva Slovenskej republiky
|c [2005]
|
| 300 |
|
|
|a 11 s.
|b grafy, obr.
|c 30 cm
|
| 650 |
0 |
7 |
|a veterinárna hygiena
|2 SNKPH
|9 69843
|
| 650 |
0 |
7 |
|a Veterinary hygiene
|2 SNKPHeng
|9 305911
|
| 650 |
0 |
7 |
|a dezinfekcia
|2 SNKPH
|9 2447
|
| 650 |
0 |
7 |
|a Desinfektion
|2 SNKPHeng
|9 305912
|
| 650 |
0 |
7 |
|a dezinfekčné prípravky
|2 SNKPH
|9 68780
|
| 650 |
0 |
7 |
|a Disinfectants
|2 SNKPHeng
|9 305913
|
| 655 |
|
7 |
|a patenty
|2 SNKPH
|9 177343
|
| 655 |
|
7 |
|a patent licenses
|2 SNKPHeng
|9 303430
|
| 700 |
1 |
|
|a De La Harpe, Jon
|4 org
|9 305914
|
| 700 |
1 |
|
|a Bušová, Eva
|4 oth
|9 297878
|
| 710 |
2 |
|
|a Ambi, Inc. (Tarrytown, Spojené štáty americké)
|4 pth
|9 305915
|
| 999 |
|
|
|c 561306
|d 563236
|
| 952 |
|
|
|a SNK
|b SNK
|y PREZ
|7 0
|p 17A0467612
|o snkSK 284485
|i snk2005/7202
|8 0
|0 0
|1 0
|4 0
|d 2005-04-28
|l 0
|r 2026-02-23 13:42:15
|w 2026-02-23
|